Tren Roca - Estadísticas

Estadísticas generales
  • Esta prueba ha sido intentada 3 veces
  • La puntuación promedio es 9 de 16
Estadísticas de respuestas
. Ramal Bosques-T % Correcto
. Bosques
100%
. Constitución
100%
. Santillán y Kosteki
100%
. Temperley
100%
. Banfield
67%
. Gerli
67%
. Lanús
67%
. Lomas de Zamora
67%
. Remedios de Escalada
67%
. Ardigó
33%
. Florencio Varela
33%
. Hipólito Yrigoyen
33%
. Mármol
33%
. Rafael Calzada
33%
. Zeballos
33%
. Claypole
0%
No se encontraron pruebas coincidentes
Distribución de puntuación
Porcentaje de gente con cada puntuación
Porcentaje por número respondido
Historial de tus puntuaciones
No has intentado esta prueba.